Normal view MARC view
  • Lall Ramji

Entry Personal Name

Number of records used in: 1

001 - CONTROL NUMBER

  • control field: 48308

003 - CONTROL NUMBER IDENTIFIER

  • control field: OSt

005 - DATE AND TIME OF LATEST TRANSACTION

  • control field: 20220806103014.0

008 - FIXED-LENGTH DATA ELEMENTS

  • fixed length control field: 220806|| aca||aabn | a|a d

040 ## - CATALOGING SOURCE

  • Original cataloging agency: OSt
  • Transcribing agency: OSt

100 ## - HEADING--PERSONAL NAME

  • Personal name: Lall Ramji

670 ## - SOURCE DATA FOUND

  • Source citation: Work cat.: (OSt)28281: Lall Ramji, Bertolt Bresht : Mother Courage And Her Children : Critical Study, 2004